00334nam a22001337a 4500020001500000082000800015100002100023245002300044250003200067260005300099300000800152500002600160650001400186 a0521566983 a540 aMatthews ,Philip aAdvanced Chemistry aCambridge Low price Edition aUnited KingdombCambridge University Pressc1992 a976 aFull Red colour Cover aChemistry